000 00388nam a22001697a 4500
003 UA-OsUOA
001 3032
007 ta
008 20050721b un ||||| |||| 00| 0 ukr d
100 _aLucky
700 _aGeorge S. N.
942 _cBK
040 _aUA-OsUOA
_cUA-OsUOA
_dUA-OsUOA
245 _aUkrainian literature in the twentieth century.
_bLiterature
955 _a2
650 7 _2UDC
999 _c289194
_d289194